000 00332nam a2200133Ia 4500
008 240624s9999 xx 000 0 und d
041 _aeng
082 _a823 MAG
100 _aMAGUIRE GREGORY
245 _aOUT OF OZ
260 _c2011
_aLondon
_bHeadline Publishing Group
300 _axxi, : 663 : p. : cm. ; 20
365 _cRS
_b30
999 _c19786
_d19786